La subida de clíticos en español medieval y en español moderno

Elmentve itt :
Bibliográfiai részletek
Szerző: Berta Tibor
Dokumentumtípus: Cikk
Megjelent: Universidad "József Attila", Departamento de Estudios Hispánicos Szeged 2000
Sorozat:Acta hispanica 5
Kulcsszavak:Nyelvtörténet - spanyol, Nyelvészet - spanyol
Tárgyszavak:
Online Access:http://acta.bibl.u-szeged.hu/554
LEADER 00777nab a2200205 i 4500
001 acta554
005 20221216123303.0
008 161015s2000 hu o 0|| spa d
022 |a 1416-7263 
040 |a SZTE Egyetemi Kiadványok Repozitórium  |b hun 
041 |a spa 
100 1 |a Berta Tibor 
245 1 3 |a La subida de clíticos en español medieval y en español moderno  |h [elektronikus dokumentum] /  |c  Berta Tibor 
260 |a Universidad "József Attila", Departamento de Estudios Hispánicos  |b Szeged  |c 2000 
300 |a 83-99 
490 0 |a Acta hispanica  |v 5 
650 4 |a Bölcsészettudományok 
650 4 |a Nyelvek és irodalom 
695 |a Nyelvtörténet - spanyol, Nyelvészet - spanyol 
856 4 0 |u http://acta.bibl.u-szeged.hu/554/1/hisp_005_083-101.pdf  |z Dokumentum-elérés